000 00641nam a2200193 i 4500
001 21515
003 ES-MaACL
007 t|
008 021126s1972 sp ||||1| spa d
100 1 _aAlberti, Rafael,
_d1902-1999
_9240174
245 1 0 _aMarinero en tierra
_b: . La amante. El alba del alhelí /
_cRafael Alberti ; edición, introducción y notas de Robert Marrast.
260 _aMadrid :
_bCastalia,
_c[1972]
300 _a292 p. ;
_c18 cm.
700 0 _aMarrast, Robert,
_d1928-2015
_977060
740 3 _aLa amante.
740 3 _aEl alba del alhelí.
852 _aES-MaACL
_jE-8500
_bR.92642
999 _c21515
_d21515